| 000 | 00366nam a22001457a 4500 | ||
|---|---|---|---|
| 003 | MACL | ||
| 005 | 20151105154913.0 | ||
| 008 | 151105b xxu||||| |||| 00| 0 eng d | ||
| 040 | _cMACL | ||
| 041 | _aEnglish | ||
| 100 |
_aVarun Gupta _917312 |
||
| 245 | _aIBPS Bank Clerk Common Written Examination (CWE) | ||
| 260 |
_aNoida _bLexis Nexis _c2015 |
||
| 942 |
_2ddc _cBK |
||
| 999 |
_c50563 _d50563 |
||